| 000 | 01927nam0a2200421 4500 | ||
|---|---|---|---|
| 001 | RU\NLR\BIBL_A\022726365 | ||
| 005 | 20260426080610.0 | ||
| 010 |
_a978-5-00223-852-1 _bрус. _92000 |
||
| 021 |
_aRU _bКН-П-25-079441 _9КН-П-25-7701 |
||
| 035 | _a(NLR Aleph) 022726365 | ||
| 090 |
_a13696605 _c13696605 |
||
| 100 | _a20260212d2026 k y0rusy50 ca | ||
| 101 | 1 |
_arus _ceng |
|
| 102 | _aRU | ||
| 105 | _ay z 001zy | ||
| 181 | 0 |
_ai3 _baxxe |
|
| 182 | 0 | _an | |
| 200 | 1 |
_aРеальность на кону _eкак игры объясняют человеческую природу _fКелли Клэнси _gперевод с английского: Пётр Фаворов |
|
| 203 |
_aТекст _bвизуальный _cнепосредственный |
||
| 210 |
_aМосква _cАльпина, Альпина нон-фикшн _d2026 (печ. 2025) |
||
| 215 |
_a396, [1] с. _d22 |
||
| 300 | _aНа 4-й с. обл. авт.: К. Клэнси - нейробиолог, физик | ||
| 300 | _aЗагл. и авт. ориг.: Playing with reality / Kelly Clancy | ||
| 320 | _aБиблиогр. в примеч.: с. 371-385 и в подстроч. примеч. | ||
| 320 | _aПредм.-имен. указ.: с. 386-397 | ||
| 333 | _a12+ | ||
| 454 | 0 |
_12001#$aPlaying with reality$fKelly Clancy _1700#1$aClancy$bK.$gKelly _tPlaying with reality _aClancy, Kelly |
|
| 606 | 1 |
_aИгровая деятельность _xПсихологические исследования _92353066 _3RU\NLR\AUTH\6601628495 |
|
| 606 | 1 |
_aСущность человека _91301748 _3RU\NLR\AUTH\66539220 |
|
| 606 | 1 |
_aИгра _xФилософские вопросы _92253586 _3RU\NLR\AUTH\661351609 |
|
| 686 | 1 | _aЮ936.12 | |
| 686 | 1 | _aЮ216.22 | |
| 686 | 1 | _aЮ226.36 | |
| 700 | 1 |
_aКлэнси _bК. _gКелли |
|
| 942 | _cBOOK | ||
| 980 | _aNB | ||